Antologia / (Record no. 10934)

MARC details
000 -LEADER
campo de control de longitud fija 00865nam a2200265 i 4500
001 - NÚMERO DE CONTROL
campo de control 10934
003 - IDENTIFICADOR DE NÚMERO DE CONTROL
campo de control ES-MaACL
005 - FECHA Y HORA DE LA ÚLTIMA TRANSACCIÓN
campo de control 20260115175526.0
007 - CAMPO FIJO DE DESCRIPCIÓN FÍSICA--INFORMACIÓN GENERAL
campo de control de longitud fija t|
008 - DATOS DE LONGITUD FIJA--INFORMACIÓN GENERAL
campo de control de longitud fija 940104s1993 sp ||||0| cat j
020 ## - NÚMERO INTERNACIONAL ESTÁNDAR DEL LIBRO
Número Internacional Estándar del Libro 84-7533-955-7
040 ## - FUENTE DE CATALOGACIÓN
Centro catalogador/agencia de origen M-BN
Lengua de catalogación spa
Centro/agencia transcriptor M-BN
080 ## - NÚMERO DE LA CLASIFICACIÓN DECIMAL UNIVERSAL
Número de la Clasificación Decimal Universal 849.9-821"19"
100 1# - ENTRADA PRINCIPAL--NOMBRE DE PERSONA
Nombre de persona Oliver, Joan,
Fechas asociadas al nombre 1899-1986
9 (RLIN) 86815
245 10 - MENCIÓN DEL TÍTULO
Título Antologia /
Mención de responsabilidad, etc. Joan Oliver ; edició a cura de Lluís Busquets i Grabulosa.
250 ## - MENCION DE EDICION
Mención de edición 1ª ed.
260 ## - PUBLICACIÓN, DISTRIBUCIÓN, ETC.
Lugar de publicación, distribución, etc. Barcelona :
Nombre del editor, distribuidor, etc. Barcanova,
Fecha de publicación, distribución, etc. 1993.
300 ## - DESCRIPCIÓN FÍSICA
Extensión 299 p :
Otras características físicas il ;
Dimensiones 21 cm.
490 1# - MENCIÓN DE SERIE
Mención de serie Biblioteca didáctica de literatura catalana ;
Designación de volumen o secuencia 36
504 ## - NOTA DE BIBLIOGRAFÍA, ETC.
Nota de bibliografía, etc. Bibliografía: P. 284-293.
700 1# - ENTRADA AGREGADA--NOMBRE PERSONAL
Nombre de persona Busquets i Grabulosa, Lluís.
9 (RLIN) 32849
830 0# - PUNTO DE ACCESO ADICIONAL DE SERIE-TÍTULO UNIFORME
Título uniforme Biblioteca didáctica de literatura catalana
Designación de volumen o secuencia 36
9 (RLIN) 178889
852 ## - LOCALIZACIÓN
Ubicación ES-MaACL
Número de control de estantería L-18297
Sublocalización o colección R.123422
Holdings
Estatus retirado Estado de pérdida Estado de daño No para préstamo Biblioteca de origen Biblioteca actual Ubicación en estantería Fecha de adquisición Fuente de adquisición Total de préstamos Signatura topográfica completa Código de barras Visto por última vez Precio de reemplazo Tipo de ítem Koha
        Biblioteca del Ateneo de Madrid Biblioteca del Ateneo de Madrid Depósito 2 17/01/2008     L-18297 1011152 23/02/2023 23/02/2023 Libro impreso